|
|
|
แสดงรายละเอียดบรรณานุกรม |
|
|||
| ห้องสมุดโรงเรียนพะเยาพิทยาคม...ยินดีต้อนรับ...ทุกท่านเข้าสู่ระบบห้องสมุดอัตโนมัติ | ||||
|
Brief Record
: Get Marc (ISO 2709)
: E-mail record
: |
|
|
| LEADER 00000nam 2200000uu 4500 | |||
| 001 13399112520 | |||
| 003 ULIBM | |||
| 008 120925s2533||||th 000 0 tha d | |||
| 082 ^a920^bช-พ | |||
| 100 ^aมหาวิทยาลัยเชียงใหม่ | |||
| 245 ^aพระบรมราโชวาท ในพิธีพระราชทานปริญญาบัตร ของมหาวิทยาลัยเชียงใหม่ พ.ศ.2509-2533/^cโดยมหาวิทยาลัยเชียงใหม่ | |||
| 260 ^aพิมพ์ครั้งที่ 1^bกรุงเทพฯ:^cอมรินทร์พริ้นติ้ง กรุ๊พ จำกัด,^d2533 | |||
| 300 ^a50 หน้า:^bภาพประกอบ;^c26 ซม. | |||
| 650 ^aพระบรมราโชวาท | |||
| 945 ^p0^l0^i16970 | |||
| 999 ^akanya | |||
| คุณยังไม่ได้ล็อกอิน คุณสามารถมีกิจกรรมร่วมกับเว็บไซต์ได้ แต่ต้องล็อกอินก่อน :: |
|
| สถานะ | |||||||||
| 1. | หนังสือ | 920 ช-พ 2533 Barcode: 16970 | ►หนังสือทั่วไป | On Shelf ขอยืม | |||||
| [แสดง 1/1 รายการ] | |||||||||
หนังสือดีน่าอ่าน

“ดั่งดวงแก้ว ส่องสว่าง ทางสายงาม”
จัดทำขึ้นเพื่อเฉลิมพระเกียรติ สมเด็จพระเทพรัตนราชสุดา ฯ สยามบรมราชกุมารี
เนื่องในโอกาสมหามงคลเฉลิมพระชนมพรรษา ๕ รอบ ๒ เมษายน ๒๕๕๘
โดยหนังสือเล่มนี้ได้รวบรวม ๖๐ พระอัจฉริยภาพของสมเด็จพระเทพ ฯ
ผู้อ่านจะได้รับแรงบันดาลใจให้พากเพียรเรียนรู้และขยันอดทนทำการงาน
ตามรอยเบื้องพระยุคลบาท เพราะพระองค์ทรงเป็นแบบอย่างอันดีเยี่ยมในทุกด้าน
ทั้งในความใฝ่รู้ใฝ่เรียน คุณธรรมจริยธรรม พระวิริยอุตสาหะในการทรงงาน
และอื่นๆอีกมากมาย ล้วนสามารถสร้างแรงบันดาลใจให้แก่เด็กและเยาวชน
อีกทั้งประชาชนทั่วไป ให้พากเพียรเรียนรู้และขยันอดทนทำการงานตามรอยพระยุคลบาท
เพื่อฝึกฝนตนเองให้เป็นคนดีคนเก่งของครอบครัวและสังคมต่อไป

| รายการใกล้เคียง ผู้แต่ง [มหาวิทยาลัยเชียงใหม่]
หัวเรื่อง [พระบรมราโชวาท]
|
แสดงความเห็นเกี่ยวกับหนังสือเล่มนี้ |
| คอมเมนท์ทรัพยากรรายการนี้ |
|
ห้องสมุดเฉลิมพระเกียรติกาญจนาภิเษก โรงเรียนพะเยาพิทยาคม อำเภอเมือง จังหวัดพะเยา 56000
![]()
![]()
E-mail :
Library Phayaopittayakom
05-4431-275 ต่อ 4621